Statistiques concernant Chanteurs français par description

Cliquez ici pour prendre le quiz!

Statistiques générales

  • Ce quiz a été pris 57 fois
  • Le résultat moyen est 7 sur 12

Statistiques - réponses

DescriptionChanteur% Correct
Elle était célèbre pour sa voix douce et cristalline, ainsi que pour son style musical varié allant de la pop au yéyé. Elle s'est fait connaître dans les années 1960 et est devenue une icône de la musique française grâce à des titres emblématiques (notamment un avec lequel elle a remporté l'Eurovision en 1965). Sa collaboration avec le compositeur Michel Berger a marqué une période importante de sa carrière, et ensemble, ils ont créé des chansons devenues classiques.France Gall
88%
De son vrai nom Monique Serf, c'était une chanteuse, auteure-compositrice, née en 1930 et décédée en 1997. Elle est considérée comme l'une des plus grandes artistes de la chanson française, célèbre pour ses textes poétiques, sa voix profonde et sa présence scénique captivante. Ses compositions sont souvent empreintes de mélancolie, d'introspection et d'émotions intenses, reflétant sa propre vie et ses expériences. Elle est également reconnue pour son talent de pianiste.Barbara
69%
Chanteuse, auteure-compositrice et productrice française née en 1961, elle est reconnue pour son style musical sombre et unique mêlant pop, rock et électro, ainsi que pour ses textes souvent poétiques et introspectifs. Elle est également connue pour ses performances scéniques spectaculaires et ses clips vidéos artistiques et souvent provocateurs.Mylène Farmer
67%
Elle a marqué plusieurs générations par sa voix puissante, son charisme sur scène et son style musical varié. Elle a collaboré avec de grands noms de la musique française tels que Johnny Hallyday, avec qui elle a formé un couple mythique dans l'histoire de la chanson française. C'est une chanteuse qui a su évoluer avec son temps, explorant différents styles musicaux au fil des décennies, et qui reste une artiste respectée et appréciée tant pour son talent vocal que pour sa longévité dans l'industrie musicale.Sylvie Vartan
65%
De son vrai nom Claude Moine, c'est un chanteur, acteur et parolier français né en 1942. Il est considéré comme l'une des figures emblématiques du rock français. Son style musical énergique, sa voix rocailleuse et son charisme sur scène en ont fait l'une des grandes références de la scène musicale française.Eddy Mitchell
61%
Toujours en activité, et ayant commencé sa carrière dans les années 70, il est connu pour ses chansons aux textes poétiques, ainsi que pour son style musical influencé par le folk, la pop et la musique acoustique. Sa voix chaleureuse, reconnaissables à son accent du midi, et ses compositions authentiques lui ont valu une place importante dans la chanson française, faisant de lui l'un des artistes les plus appréciés et respectés de sa génération.Francis Cabrel
59%
Chanteur, auteur-compositeur et poète d'origine grecque. Il est célèbre pour ses chansons à texte empreintes de poésie et de mélancolie, ainsi que pour sa voix douce et chaleureuse. Il a débuté sa carrière dans les années 1950 et a rapidement acquis une renommée grâce à des chansons intemporelles telles que "Le Métèque", "Sans la nommer" ou encore "La philosophie".Georges Moustaki
57%
Chanteur français emblématique, connu pour ses chansons populaires qui ont marqué plusieurs générations. Il a débuté sa carrière dans les années 1960 et est devenu l'un des chanteurs les plus célèbres de la chanson française. Il est réputé pour ses textes controversés, ses mélodies entêtantes et sa voix puissante.Michel Sardou
53%
De son vrai nom Annie Chancel, c'est une chanteuse française née en 1945. Icône de la période yéyé, elle s'est fait connaître avec des reprises françaises de tubes célèbres.Sheila
51%
Chanteuse, actrice et icône de la mode française. Elle est célèbre pour son style musical influencé par la pop, ainsi que pour sa voix douce et mélancolique. Ses textes, souvent introspectifs, ses mélodies envoûtantes, son charisme à l'écran ainsi que son couple, ont contribué à son succès et à sa reconnaissance internationale. Elle est considérée comme l'une des figures emblématiques de la chanson française et une figure importante de l'époque yéyé.Françoise Hardy
37%
Décédé en 2020, il était connu pour son style musical éclectique mêlant pop, rock, électro et expérimentale. Il s'est fait connaître dans les années 1960 avec une chanson évoquant une rupture, qui est devenue un classique de la chanson française. Il a marqué plusieurs générations par sa voix particulière, ses mélodies entêtantes et ses arrangements musicaux novateurs.Christophe
35%
Auteur-compositeur-interprète et acteur français né en 1947 et décédé en 2009, il est considéré comme l'un des artistes les plus influents et novateurs de la chanson française. Connu pour son style musical éclectique, mêlant rock, pop, blues et expérimentations sonores. Il a marqué plusieurs générations par sa voix grave et son timbre unique, ainsi que par ses textes poétiques et énigmatiques.Alain Bashung
31%

Distribution des résultats

Percentile par nombre de réponses

% des personnes avec chaque résultat

Votre développement - résultats

Vous n’avez pas pris ce quiz